[Event "Prvenstvo SSFBiH 2015"]
[Site "Lukavac"]
[Date "2016.04.02"]
[Round "5.15"]
[White "Hadziselimovic, Bernardina"]
[Black "Bajramovic, Halid"]
[Result "0-1"]
[WhiteElo "1947"]
[BlackElo "2163"]
[PlyCount "80"]
[EventDate "2016.03.31"]

1. e4 d6 2. Nc3 g6 3. g3 Bg7 4. Bg2 c5 5. f4 Nc6 6. Nf3 e5 7. d3 Nge7 8. O-O
O-O 9. h3 a6 10. g4 exf4 11. Bxf4 Ne5 12. Qd2 Be6 13. Bh6 N7c6 14. Bxg7 Kxg7
15. Ng5 Nd4 16. Nd5 Bxd5 17. exd5 Nxc2 18. Rxf7+ Rxf7 19. Ne6+ Kg8 20. Nxd8 Nd4
21. Rf1 Rxd8 22. Rxf7 Kxf7 23. Qe3 Kg7 24. Be4 Rf8 25. Kg2 a5 26. Qg5 Rf6 27.
Qd2 b6 28. Qd1 Rf8 29. h4 Rf4 30. g5 Rxh4 31. Qd2 Rh2+ 32. Kxh2 Nef3+ 33. Kg3
Nxd2 34. Bg2 a4 35. Kf4 a3 36. bxa3 Nb1 37. a4 Nc3 38. Bh3 Nxa4 39. Bd7 Nc3 40.
a4 Nxd5+ 0-1

[Event "Prvenstvo SSFBiH 2015"]
[Site "Lukavac"]
[Date "2016.04.02"]
[Round "5.16"]
[White "Harcin, Amer"]
[Black "Salkic, Mahir"]
[Result "0-1"]
[WhiteElo "1953"]
[BlackElo "2137"]
[PlyCount "52"]
[EventDate "2016.03.31"]

1. d4 Nf6 2. c4 g6 3. Nc3 Bg7 4. Nf3 O-O 5. Bf4 d6 6. Qd2 Nbd7 7. Bh6 e5 8.
Bxg7 Kxg7 9. O-O-O Qe7 10. e4 a5 11. Nd5 Nxd5 12. exd5 e4 13. Ng5 h6 14. Nh3 f5
15. Re1 Nf6 16. g3 Bd7 17. Kb1 a4 18. a3 Rab8 19. Rc1 Rfc8 20. Rc3 b5 21. Nf4
g5 22. Ne6+ Bxe6 23. dxe6 Qxe6 24. cxb5 Nd5 25. Rc6 e3 26. fxe3 Qe4+ 0-1

[Event "Prvenstvo SSFBiH 2015"]
[Site "Lukavac"]
[Date "2016.04.02"]
[Round "5.18"]
[White "Kustura, Hajrudin"]
[Black "Ruznic, Ramiz"]
[Result "0-1"]
[WhiteElo "1616"]
[BlackElo "1980"]
[PlyCount "90"]
[EventDate "2016.03.31"]

1. e4 e6 2. d4 d5 3. exd5 exd5 4. Nf3 Nf6 5. Bg5 Be7 6. Bd3 Bg4 7. h3 Bh5 8.
Nbd2 Nbd7 9. c3 c6 10. Qc2 O-O 11. O-O-O Bg6 12. g4 Re8 13. Ne5 Bxd3 14. Qxd3
Ne4 15. Bxe7 Rxe7 16. Nxe4 dxe4 17. Qg3 Nxe5 18. dxe5 Qa5 19. Rd4 Rae8 20. Rxe4
Qxa2 21. Rhe1 Qd5 22. f4 f6 23. Qe3 b6 24. e6 c5 25. f5 Rd8 26. h4 h5 27. Qf4
hxg4 28. Qxg4 Qd2+ 29. Kb1 Rd5 30. Rg1 Qf2 31. Rf4 Qh2 32. Qg2 Rd1+ 33. Kc2
Qxg1 34. Qa8+ Kh7 35. Qf8 Rc1+ 36. Kb3 Qd1+ 37. Kc4 Qa4+ 38. b4 Qe8 39. Qxe8
Rxe8 40. bxc5 Rc8 41. c6 Rxc6+ 42. Kd5 R1xc3 43. e7 R3c5+ 44. Kd4 Re5 45. Re4
Rc4+ 0-1

[Event "Prvenstvo SSFBiH 2015"]
[Site "Lukavac"]
[Date "2016.04.02"]
[Round "5.19"]
[White "Lapo, Safet"]
[Black "Hankic, Ramiz"]
[Result "1-0"]
[WhiteElo "1821"]
[BlackElo "1602"]
[PlyCount "97"]
[EventDate "2016.03.31"]

1. d4 Nf6 2. c4 c6 3. Nc3 e6 4. Nf3 Bb4 5. Qc2 d5 6. e3 Ne4 7. Be2 Qa5 8. Bd2
Nxd2 9. Nxd2 Nd7 10. O-O Bxc3 11. bxc3 f5 12. a4 O-O 13. Nb3 Qc7 14. Rfc1 Nf6
15. cxd5 exd5 16. c4 Kh8 17. cxd5 Nxd5 18. Bf3 Qd6 19. Qc5 Qxc5 20. Rxc5 Be6
21. Bxd5 Bxd5 22. Nd2 b6 23. Rc3 h6 24. Nf3 f4 25. Ne5 Kh7 26. Nxc6 fxe3 27.
fxe3 Rac8 28. Rac1 Rc7 29. Ne5 Re7 30. Rc7 Re6 31. Rf1 Rxf1+ 32. Kxf1 a5 33.
Rc3 Be4 34. Nf3 g5 35. h3 Kg6 36. Kf2 Kf6 37. Ne5 Re7 38. Rc8 Kg7 39. g4 Bd5
40. Rc3 Kf6 41. Kg3 Ke6 42. h4 Kd6 43. Nf3 Rf7 44. Nd2 gxh4+ 45. Kxh4 Rf2 46.
Nb1 Rh2+ 47. Kg3 Rb2 48. Na3 Bc6 49. Nc4+ 1-0

[Event "Prvenstvo SSFBiH 2015"]
[Site "Lukavac"]
[Date "2016.04.02"]
[Round "5.20"]
[White "Mikic, Ivana"]
[Black "Softic, Kasim"]
[Result "1/2-1/2"]
[WhiteElo "1595"]
[BlackElo "1886"]
[PlyCount "65"]
[EventDate "2016.03.31"]

1. e4 c5 2. Nf3 d6 3. d4 cxd4 4. Nxd4 a6 5. Nc3 e6 6. Be3 Be7 7. Be2 Nf6 8. f3
O-O 9. O-O b5 10. Qd2 Bb7 11. a3 Qc7 12. Bd3 Nbd7 13. f4 Ng4 14. f5 Nxe3 15.
Qxe3 e5 16. Nf3 Qc5 17. Qxc5 Nxc5 18. b4 Nxd3 19. cxd3 Rac8 20. Rac1 h5 21. h4
g6 22. fxg6 fxg6 23. Ne2 Bf6 24. g3 d5 25. Nc3 dxe4 26. Nxe4 Bxe4 27. dxe4 Rfd8
28. Kf2 Kg7 29. Ke3 Kf7 30. Ke2 Ke6 31. Ke3 Be7 32. Ke2 Bf6 33. Ke3 1/2-1/2

[Event "Prvenstvo SSFBiH 2015"]
[Site "Lukavac"]
[Date "2016.04.02"]
[Round "5.22"]
[White "Brcaninovic, Enes"]
[Black "Mesic, Ismet"]
[Result "1-0"]
[WhiteElo "1671"]
[BlackElo "1353"]
[PlyCount "159"]
[EventDate "2016.03.31"]

1. e4 d5 2. exd5 Qxd5 3. Nc3 Qa5 4. Nf3 c6 5. d4 Qc7 6. Be3 Bg4 7. Be2 Nd7 8.
h3 Bh5 9. Qd2 e6 10. O-O O-O-O 11. Rad1 Ngf6 12. Ng5 Bg6 13. Bd3 Nb6 14. Nce4
Nxe4 15. Nxe4 Bxe4 16. Bxe4 Nc4 17. Qc3 Nxe3 18. Qxe3 Bd6 19. Rd3 f5 20. Bf3
Rde8 21. Re1 Qf7 22. Qe2 Qc7 23. Re3 Bf4 24. Rxe6 Rxe6 25. Qxe6+ Qd7 26. d5
cxd5 27. Qxd5 Rd8 28. Qxd7+ Rxd7 29. Re8+ Kc7 30. g3 Bg5 31. Re5 Bf6 32. Rxf5
Bxb2 33. Bxb7 Kxb7 34. Rb5+ Kc6 35. Rxb2 a5 36. Kg2 Kc5 37. Kf3 Ra7 38. Ke3
Re7+ 39. Kd3 Rd7+ 40. Ke2 Re7+ 41. Kf1 Rd7 42. a4 Kc6 43. Rb5 Rd5 44. c4 Rc5
45. Ke2 Rxc4 46. Rxa5 Kb6 47. Rb5+ Ka6 48. Rg5 Rc7 49. f4 h6 50. Re5 Rc3 51.
Re3 Rc7 52. g4 Ka5 53. Re4 Rd7 54. Ke3 Rb7 55. Rd4 Re7+ 56. Kf3 Rb7 57. h4 Re7
58. f5 Rc7 59. Kf4 Rc5 60. g5 hxg5+ 61. hxg5 Kb6 62. f6 gxf6 63. gxf6 Rc6 64.
Kf5 Rc5+ 65. Kg6 Rc6 66. Kg7 Rc7+ 67. f7 Kc5 68. Rf4 Kd6 69. Kg8 Rc8+ 70. f8=Q+
Rxf8+ 71. Kxf8 Kc5 72. a5 Kb5 73. Rb4+ Kxa5 74. Rb1 Ka4 75. Ke7 Ka3 76. Kd6 Ka2
77. Rb8 Ka3 78. Kc5 Ka4 79. Rb7 Ka3 80. Kc4 1-0

[Event "Prvenstvo SSFBiH 2015"]
[Site "Lukavac"]
[Date "2016.04.02"]
[Round "5.23"]
[White "Zenelaj, Samuel"]
[Black "Nukic, Farik"]
[Result "0-1"]
[WhiteElo "1691"]
[BlackElo "1762"]
[PlyCount "46"]
[EventDate "2016.03.31"]

1. e4 d5 2. exd5 Nf6 3. Nc3 Nxd5 4. Nxd5 Qxd5 5. Nf3 Bf5 6. d3 Nc6 7. Be3 e5 8.
Be2 Bc5 9. Qd2 O-O-O 10. Nh4 Be6 11. Bf3 Qd6 12. Be4 g6 13. Bg5 Rd7 14. Bf6 Re8
15. Qg5 Bd5 16. f3 h6 17. Qg4 Bxe4 18. fxe4 Qxf6 19. Rf1 Qe7 20. Kd2 Kb8 21. c3
a6 22. Rf3 Qg5+ 23. Rf4 Qxf4+ 0-1

[Event "Prvenstvo SSFBiH 2015"]
[Site "Lukavac"]
[Date "2016.04.03"]
[Round "6.1"]
[White "Trkulja, Goran"]
[Black "Mrndjic, Muamer"]
[Result "1/2-1/2"]
[WhiteElo "2311"]
[BlackElo "2261"]
[PlyCount "20"]
[EventDate "2016.03.31"]

1. Nf3 Nf6 2. c4 e6 3. g3 d5 4. Bg2 c5 5. cxd5 exd5 6. d4 Nc6 7. O-O Be7 8. Nc3
O-O 9. dxc5 Bxc5 10. Na4 Be7 1/2-1/2

[Event "Prvenstvo SSFBiH 2015"]
[Site "Lukavac"]
[Date "2016.04.03"]
[Round "6.3"]
[White "Budimir, Boris"]
[Black "Buljubasic, Sabahudin"]
[Result "1-0"]
[WhiteElo "2249"]
[BlackElo "2342"]
[PlyCount "79"]
[EventDate "2016.03.31"]

1. e4 c5 2. d4 cxd4 3. c3 d3 4. Bxd3 Nc6 5. c4 e6 6. Nf3 Nf6 7. Nc3 d6 8. O-O
Be7 9. Re1 O-O 10. h3 Nd7 11. Bf4 Nde5 12. Bf1 b6 13. Nb5 Bb7 14. Rc1 Rc8 15.
Nfd4 Nxd4 16. Qxd4 Nc6 17. Qd2 e5 18. Be3 Qd7 19. Be2 g6 20. Bh6 a6 21. Bxf8
Rxf8 22. Nc3 Nd4 23. Nd5 Bd8 24. Rc3 f5 25. exf5 Qxf5 26. Bg4 Bg5 27. f4 Bxf4
28. Nxf4 Qxf4 29. Qxf4 Rxf4 30. b4 h5 31. Bd1 Kf7 32. c5 Nb5 33. Rd3 bxc5 34.
bxc5 e4 35. Rd2 Ke6 36. cxd6 Nxd6 37. Bb3+ Ke5 38. Rf2 Rf5 39. Rc2 h4 40. Rd1
1-0

[Event "Prvenstvo SSFBiH 2015"]
[Site "Lukavac"]
[Date "2016.04.03"]
[Round "6.4"]
[White "Sutkovic, Damir"]
[Black "Jakovljevic, Vlado"]
[Result "1-0"]
[WhiteElo "2304"]
[BlackElo "2403"]
[PlyCount "81"]
[EventDate "2016.03.31"]

1. d4 Nf6 2. c4 e6 3. Nc3 Bb4 4. e3 d5 5. Nge2 O-O 6. a3 Bd6 7. c5 Be7 8. b4 b6
9. Ng3 a5 10. Bd2 c6 11. Na4 Nbd7 12. cxb6 axb4 13. axb4 Ba6 14. b7 Bxb7 15.
Nc5 Bxc5 16. bxc5 Rxa1 17. Qxa1 Qa8 18. Qxa8 Rxa8 19. Bd3 Ba6 20. Bxa6 Rxa6 21.
Ke2 Ra7 22. Rb1 h5 23. h4 g6 24. Rb2 Ne8 25. f3 Nc7 26. Rb6 e5 27. Rxc6 exd4
28. exd4 Ne6 29. Kd3 Ra3+ 30. Bc3 Kf8 31. Rc8+ Ke7 32. Ne2 Rb3 33. Kc2 Rb5 34.
Bd2 Rb8 35. Rc6 Rd8 36. Kd3 Nb8 37. Rb6 Rc8 38. Nc3 Rd8 39. Bg5+ Nxg5 40. hxg5
Ke8 41. Nxd5 1-0

[Event "Prvenstvo SSFBiH 2015"]
[Site "Lukavac"]
[Date "2016.04.03"]
[Round "6.5"]
[White "Nurkic, Husein"]
[Black "Vajic, Goran"]
[Result "1-0"]
[WhiteElo "2218"]
[BlackElo "2306"]
[PlyCount "121"]
[EventDate "2016.03.31"]

1. e4 e5 2. Nf3 Nf6 3. Nxe5 d6 4. Nf3 Nxe4 5. d4 d5 6. Bd3 Nc6 7. O-O Bf5 8.
Re1 Be7 9. a3 O-O 10. c4 Bf6 11. cxd5 Qxd5 12. Nc3 Nxc3 13. bxc3 Bxd3 14. Qxd3
Na5 15. Bf4 Qc6 16. Be5 Rad8 17. Re2 b6 18. Rae1 Bxe5 19. Nxe5 Qd6 20. a4 c5
21. Rd1 cxd4 22. cxd4 Qd5 23. h3 Rfe8 24. Re3 f6 25. Nf3 Rxe3 26. fxe3 Rc8 27.
Nd2 Qc6 28. Ra1 Qc3 29. Ra3 Qxd3 30. Rxd3 Kf7 31. Kf2 Rc2 32. Ke1 Ke7 33. d5
Nc4 34. Ne4 Nd6 35. Nf2 Rc4 36. Ra3 f5 37. Kd2 Rc5 38. Rd3 Kf6 39. Rd4 h5 40.
h4 Rc4 41. Kd3 Rc1 42. Ke2 Rc2+ 43. Kf3 a6 44. Nd3 b5 45. axb5 axb5 46. Nf2 Rc4
47. Nd3 Rc3 48. g3 Rc2 49. Nf2 Nc4 50. Nd3 g5 51. hxg5+ Kxg5 52. d6 Rh2 53.
Rxc4 bxc4 54. d7 cxd3 55. d8=Q+ Kg6 56. Qxd3 Kf6 57. Qd8+ Kg6 58. Kf4 Rf2+ 59.
Ke5 Rf3 60. Qg8+ Kh6 61. Kf6 1-0

[Event "Prvenstvo SSFBiH 2015"]
[Site "Lukavac"]
[Date "2016.04.03"]
[Round "6.6"]
[White "Bucan, Eldin"]
[Black "Trumic, Enes"]
[Result "0-1"]
[WhiteElo "2172"]
[BlackElo "2232"]
[PlyCount "64"]
[EventDate "2016.03.31"]

1. e4 e5 2. Nf3 Nc6 3. d4 exd4 4. c3 dxc3 5. Bc4 d6 6. Nxc3 Qd7 7. O-O g6 8.
Ng5 Nh6 9. f4 Bg7 10. Nd5 Nd8 11. Be3 f6 12. Nf3 c6 13. Nc3 b5 14. Bb3 Qe7 15.
Qd3 Be6 16. Rfd1 Nhf7 17. Ne2 O-O 18. Ned4 Bxb3 19. axb3 Re8 20. Nd2 f5 21. Qc2
Qb7 22. b4 fxe4 23. Re1 d5 24. N2b3 Nd6 25. Na5 Qf7 26. Naxc6 Nxc6 27. Qxc6 Nc4
28. Nxb5 Rac8 29. Qa6 Nxe3 30. Rxe3 Qxf4 31. Re2 Rc1+ 32. Rxc1 Qxc1+ 0-1

[Event "Prvenstvo SSFBiH 2015"]
[Site "Lukavac"]
[Date "2016.04.03"]
[Round "6.7"]
[White "Salkic, Midhat"]
[Black "Rosic, Slavko S"]
[Result "1/2-1/2"]
[WhiteElo "2028"]
[BlackElo "2230"]
[PlyCount "67"]
[EventDate "2016.03.31"]

1. d4 d5 2. c4 e6 3. Nc3 Nf6 4. Bg5 Be7 5. e3 O-O 6. Nf3 b6 7. Bd3 Bb7 8. O-O
Nbd7 9. Rc1 c5 10. Qe2 h6 11. Bh4 Ne4 12. Bxe7 Qxe7 13. Ne5 Nxc3 14. Rxc3 Nxe5
15. dxe5 Rfd8 16. f4 d4 17. exd4 Rxd4 18. Bb1 f5 19. Rd3 Rxd3 20. Bxd3 Rd8 21.
Bc2 Rd4 22. Ba4 Qh4 23. g3 Qd8 24. Rd1 a6 25. Kf1 Be4 26. Rxd4 Qxd4 27. Bc2
Qxb2 28. Bxe4 Qa1+ 29. Kg2 fxe4 30. Qxe4 Qxa2+ 31. Kh3 h5 32. Qg6 Qxc4 33. Qe8+
Kh7 34. Qxh5+ 1/2-1/2

[Event "Prvenstvo SSFBiH 2015"]
[Site "Lukavac"]
[Date "2016.04.03"]
[Round "6.8"]
[White "Sinanovic, Ermin"]
[Black "Atlic, Mirza"]
[Result "1-0"]
[WhiteElo "2118"]
[BlackElo "1960"]
[PlyCount "57"]
[EventDate "2016.03.31"]

1. d4 Nf6 2. c4 g6 3. Nc3 Bg7 4. e4 d6 5. f3 O-O 6. Be3 e5 7. Nge2 exd4 8. Nxd4
Nc6 9. Qd2 Nxd4 10. Bxd4 Be6 11. O-O-O a6 12. g4 b5 13. h4 c5 14. Be3 h5 15.
Be2 Qa5 16. Rdg1 Bxc4 17. Bxc4 bxc4 18. Bh6 Rab8 19. gxh5 Nxh5 20. Bxg7 Kxg7
21. Rg5 Qd8 22. Rhg1 Rh8 23. Nd5 Kf8 24. f4 Rg8 25. f5 Nf6 26. fxg6 Nxd5 27.
Qxd5 Qf6 28. e5 dxe5 29. g7+ 1-0

[Event "Prvenstvo SSFBiH 2015"]
[Site "Lukavac"]
[Date "2016.04.03"]
[Round "6.9"]
[White "Zenelaj, Fisnik"]
[Black "Nezirovic, Ozren"]
[Result "1/2-1/2"]
[WhiteElo "1942"]
[BlackElo "2082"]
[PlyCount "121"]
[EventDate "2016.03.31"]

1. e4 g6 2. d4 Bg7 3. Nf3 d6 4. Be2 Nf6 5. Nc3 O-O 6. O-O c6 7. a4 b6 8. h3 Qc7
9. Be3 e5 10. dxe5 dxe5 11. Qd2 Na6 12. Bh6 Nc5 13. Bxg7 Kxg7 14. Qg5 Re8 15.
Qh4 Qe7 16. Bc4 Nfxe4 17. Qxe7 Rxe7 18. Nxe4 Nxe4 19. Rfe1 Nd6 20. Bb3 f6 21.
Rad1 Nf7 22. Bxf7 Kxf7 23. Rd8 Bb7 24. Red1 Rxd8 25. Rxd8 c5 26. Nd2 Bc6 27. a5
Rd7 28. Rxd7+ Bxd7 29. axb6 axb6 30. c3 Ke6 31. f3 f5 32. Kf2 g5 33. g4 Bc6 34.
gxf5+ Kxf5 35. Ke3 h5 36. c4 Kf6 37. b3 Kf5 38. Nf1 Kg6 39. Kf2 e4 40. fxe4
Bxe4 41. Ne3 Kf6 42. Ke2 Ke5 43. Kd2 Kd4 44. Nd1 g4 45. hxg4 hxg4 46. Nc3 Bf3
47. Na4 g3 48. Ke1 Bd1 49. Nxb6 Bxb3 50. Kf1 Bxc4+ 51. Kg2 Bb5 52. Kxg3 Ke5 53.
Kf2 Kd6 54. Ke3 Kc6 55. Nc8 Ba6 56. Ne7+ Kd6 57. Ng6 Kd5 58. Nf4+ Kc6 59. Ne6
c4 60. Kd4 Kb5 61. Kc3 1/2-1/2

[Event "Prvenstvo SSFBiH 2015"]
[Site "Lukavac"]
[Date "2016.04.03"]
[Round "6.10"]
[White "Dugonjic, Dragan"]
[Black "Kasumovic, Muhidin"]
[Result "1/2-1/2"]
[WhiteElo "2079"]
[BlackElo "1989"]
[PlyCount "131"]
[EventDate "2016.03.31"]

1. e4 Nc6 2. d4 e5 3. Nf3 exd4 4. Nxd4 Qf6 5. Be3 Bc5 6. c3 Nge7 7. Bc4 d6 8.
O-O Ne5 9. Be2 h5 10. Nc2 Bb6 11. Bxb6 axb6 12. Ne3 Qg6 13. f3 Bd7 14. Na3 h4
15. Nac2 Qh6 16. Qc1 N5g6 17. Nd5 Nxd5 18. Qxh6 Rxh6 19. exd5 Nf4 20. Rfe1
O-O-O 21. c4 Rg6 22. Bf1 Bf5 23. Ne3 Bd3 24. Bxd3 Nxd3 25. Re2 Re8 26. b3 Rg5
27. Rd1 Nf4 28. Ree1 Rge5 29. Kf2 Kd7 30. Rd2 g6 31. Nc2 f5 32. Rxe5 dxe5 33.
g3 hxg3+ 34. hxg3 Nh3+ 35. Kg2 Ng5 36. Rd1 Rh8 37. Re1 Kd6 38. Na3 e4 39. Nb5+
Kd7 40. fxe4 Nxe4 41. g4 Ra8 42. a4 Nc5 43. gxf5 gxf5 44. Nd4 Rg8+ 45. Kf3 f4
46. Rh1 Nxb3 47. Rh7+ Kd6 48. Nb5+ Ke5 49. Rxc7 Rg3+ 50. Kf2 Nc5 51. Re7+ Kf6
52. Re8 Nxa4 53. Re6+ Kg5 54. Nd6 Nc5 55. Nf7+ Kf5 56. Nd6+ Kg5 57. Nf7+ Kf5
58. Nh6+ Kg5 59. Nf7+ Kf5 60. Rxb6 Ne4+ 61. Kf1 Nd2+ 62. Kf2 Nxc4 63. Rxb7 Rd3
64. Rb4 Ne5 65. Nxe5 Kxe5 66. Rb5 1/2-1/2

[Event "Prvenstvo SSFBiH 2015"]
[Site "Lukavac"]
[Date "2016.04.03"]
[Round "6.11"]
[White "Mujacic, Haris"]
[Black "Arnaut, Armin"]
[Result "0-1"]
[WhiteElo "1853"]
[BlackElo "2048"]
[PlyCount "124"]
[EventDate "2016.03.31"]

1. d4 g6 2. Nf3 Nf6 3. Bg5 Bg7 4. e3 O-O 5. Nbd2 d6 6. Bd3 h6 7. Bh4 Nbd7 8. c3
g5 9. Bg3 e6 10. Qe2 Nh5 11. e4 f5 12. exf5 exf5 13. Qe6+ Kh8 14. Qg6 Qe8+ 15.
Qxe8 Rxe8+ 16. Kf1 Ndf6 17. h3 Nxg3+ 18. fxg3 Ne4 19. Bxe4 fxe4 20. Ne1 b6 21.
Nc2 Ba6+ 22. c4 e3 23. Nb4 Bb7 24. Nf3 Bxf3 25. gxf3 Bxd4 26. Nd5 Rac8 27. Ke2
Bxb2 28. Rad1 Ba3 29. Rd3 Bc5 30. Nxe3 Kg7 31. Kd2 Bxe3+ 32. Rxe3 Rxe3 33. Kxe3
Re8+ 34. Kd3 Re5 35. Rf1 Ra5 36. Rf2 Ra3+ 37. Ke4 Ra5 38. f4 gxf4 39. gxf4 Kf6
40. Rg2 Rc5 41. Kd4 Rh5 42. Rg3 Rh4 43. Ke4 a6 44. a3 Rh5 45. Rd3 Rc5 46. Kd4
Kf5 47. Rf3 Ra5 48. Rg3 Kxf4 49. Rg7 Rc5 50. Rf7+ Kg3 51. Rh7 h5 52. Rg7+ Kxh3
53. Rh7 h4 54. Rg7 Kh2 55. Kd3 b5 56. cxb5 axb5 57. Kd4 Rc1 58. Rg5 Rc4+ 59.
Kd3 c5 60. Rd5 Rd4+ 61. Rxd4 cxd4 62. Kxd4 Kg3 0-1

[Event "Prvenstvo SSFBiH 2015"]
[Site "Lukavac"]
[Date "2016.04.03"]
[Round "6.12"]
[White "Bajramovic, Halid"]
[Black "Ruznic, Ramiz"]
[Result "1-0"]
[WhiteElo "2163"]
[BlackElo "1980"]
[PlyCount "101"]
[EventDate "2016.03.31"]

1. d4 Nf6 2. g3 d5 3. Bg2 g6 4. Nf3 Bg7 5. O-O O-O 6. b3 b6 7. c4 Bb7 8. Bb2
Ne4 9. Qc2 Nd7 10. cxd5 Bxd5 11. Ng5 Nef6 12. e4 Bb7 13. Nd2 e6 14. Nc4 h6 15.
Nh3 c5 16. Rfd1 Qc7 17. d5 exd5 18. exd5 Rad8 19. f4 Rfe8 20. Nf2 b5 21. Ne5
Nb6 22. d6 Qc8 23. Bxb7 Qxb7 24. Qxc5 Nbd5 25. Rac1 Bf8 26. Nc6 Rxd6 27. Bxf6
Nxf6 28. Rxd6 Qc7 29. Rcd1 Re6 30. Rd8 Ne8 31. Rxe8 Rxe8 32. Qxb5 Re6 33. Ne5
Bd6 34. Nfd3 Qc2 35. Rc1 Qd2 36. Qc4 Re7 37. Rc2 Qd1+ 38. Kg2 Rc7 39. Nc6 Rxc6
40. Qxc6 Qxd3 41. Qc4 Qd1 42. Qe2 Qd5+ 43. Qf3 Qd4 44. Rc8+ Bf8 45. Qc3 Qe4+
46. Kf2 Qe7 47. a4 h5 48. b4 g5 49. Qc5 Qxc5+ 50. bxc5 gxf4 51. c6 1-0

[Event "Prvenstvo SSFBiH 2015"]
[Site "Lukavac"]
[Date "2016.04.03"]
[Round "6.13"]
[White "Salkic, Mahir"]
[Black "Cosovic, Aziz"]
[Result "1-0"]
[WhiteElo "2137"]
[BlackElo "1995"]
[PlyCount "61"]
[EventDate "2016.03.31"]

1. d4 d5 2. Nf3 c6 3. c4 e6 4. Nc3 dxc4 5. e4 b5 6. a4 Bb4 7. Bd2 Bd7 8. Ne5
Ne7 9. Be2 Ng6 10. Nf3 O-O 11. h4 Qc7 12. g3 a5 13. h5 Ne7 14. Bf4 Bd6 15. h6
g6 16. Ne5 Be8 17. Bg4 Kh8 18. Qf3 f5 19. Bg5 Nd7 20. exf5 Nxe5 21. dxe5 Bxe5
22. Nxb5 Qb7 23. Qe2 Bf6 24. Bxf6+ Rxf6 25. Qe5 Nd5 26. O-O-O cxb5 27. Rxd5
exd5 28. Qxf6+ Kg8 29. fxg6 Ra6 30. Be6+ Rxe6 31. Qxe6+ 1-0

[Event "Prvenstvo SSFBiH 2015"]
[Site "Lukavac"]
[Date "2016.04.03"]
[Round "6.14"]
[White "Mesic, Vehid"]
[Black "Cabric, Izet"]
[Result "1-0"]
[WhiteElo "1999"]
[BlackElo "1934"]
[PlyCount "139"]
[EventDate "2016.03.31"]

1. e4 d6 2. d4 Nf6 3. Nc3 g6 4. Be3 Bg7 5. Qd2 h6 6. h3 c6 7. Nf3 Qa5 8. Bd3
Nbd7 9. O-O e5 10. Nb5 Qxd2 11. Nxd6+ Ke7 12. Nxc8+ Rhxc8 13. Nxd2 exd4 14.
Bxd4 c5 15. Bc3 a6 16. a4 Rc7 17. a5 Rac8 18. Bc4 Ne8 19. Bxg7 Nxg7 20. f4 Rd8
21. Bd5 Nf6 22. c4 Ne6 23. Nb3 Nh5 24. f5 Nef4 25. fxg6 fxg6 26. Kh2 Rf8 27. g3
Nd3 28. Rxf8 Kxf8 29. Rf1+ Kg7 30. Nd2 Nf6 31. b3 Re7 32. Kg1 Ne5 33. Kf2 Nc6
34. Bxc6 bxc6 35. Ke3 Ne8 36. Rb1 Nd6 37. Kd3 Rd7 38. Kc3 Re7 39. Re1 Kf6 40.
b4 cxb4+ 41. Kxb4 Re5 42. c5 Nb7 43. Nb3 Rg5 44. Re3 h5 45. h4 Re5 46. Kc4 g5
47. Rf3+ Kg6 48. Kd4 Re8 49. e5 gxh4 50. gxh4 Kg7 51. Rf5 Nd8 52. Rxh5 Ne6+ 53.
Ke4 Rb8 54. Kf5 Kf7 55. Rh7+ Ng7+ 56. Rxg7+ Kxg7 57. Nd4 Rf8+ 58. Ke6 Re8+ 59.
Kd7 Rxe5 60. Kxc6 Kf6 61. Kb6 Rh5 62. c6 Ke7 63. Kxa6 Kd8 64. Kb6 Rxh4 65. Nb5
Kc8 66. Nd6+ Kd8 67. c7+ Kd7 68. c8=Q+ Ke7 69. Qe8+ Kxd6 70. Qd8+ 1-0

[Event "Prvenstvo SSFBiH 2015"]
[Site "Lukavac"]
[Date "2016.04.03"]
[Round "6.15"]
[White "Hadziselimovic, Bernardina"]
[Black "Coric, Ahmed"]
[Result "0-1"]
[WhiteElo "1947"]
[BlackElo "2079"]
[PlyCount "118"]
[EventDate "2016.03.31"]

1. e4 d5 2. exd5 Qxd5 3. Nc3 Qa5 4. d4 Nf6 5. Nf3 Bf5 6. Ne5 c6 7. g4 Be4 8.
Nc4 Qc7 9. Nxe4 Nxe4 10. Qf3 Nf6 11. Bf4 Qd7 12. g5 Qd5 13. Qh3 Nfd7 14. O-O-O
b5 15. Ne5 Qxa2 16. Qc3 b4 17. Qxb4 Nb6 18. Bc4 Nxc4 19. Nxc4 Nd7 20. Qb7 Rd8
21. Qxc6 e6 22. Nd6+ Bxd6 23. Bxd6 Qa1+ 24. Kd2 Qa5+ 25. Kc1 Qa1+ 26. Kd2 Qa5+
27. c3 Qxg5+ 28. f4 Qf5 29. Rde1 Qh3 30. Re2 h5 31. Rhe1 Rh6 32. d5 Qf3 33. Qb5
Qg4 34. Kc1 Rf6 35. Kb1 Rf5 36. Qc6 Qf3 37. c4 h4 38. Re3 Qg2 39. h3 g5 40. Ba3
Rb8 41. dxe6 Qxc6 42. exd7+ Kxd7 43. Re7+ Kc8 44. Re8+ Kb7 45. R1e7+ Qc7 46.
Rxc7+ Kxc7 47. Bd6+ Kxd6 48. Rxb8 Rxf4 49. b3 Rf3 50. Rb7 Rxh3 51. Rxf7 Rxb3+
52. Kc2 Rg3 53. Rxa7 h3 54. Rh7 g4 55. Rh5 Rg2+ 56. Kd3 h2 57. Kd4 g3 58. Rh6+
Ke7 59. Ke5 Rg1 0-1

[Event "Prvenstvo SSFBiH 2015"]
[Site "Lukavac"]
[Date "2016.04.03"]
[Round "6.17"]
[White "Mahmutbegovic, Muharem"]
[Black "Mutapcic, Nijaz"]
[Result "1-0"]
[WhiteElo "2024"]
[BlackElo "1753"]
[PlyCount "65"]
[EventDate "2016.03.31"]

1. e4 e6 2. d4 d6 3. Nf3 g6 4. Bd3 Nd7 5. Nc3 c6 6. Bf4 Nb6 7. Qd2 Bg7 8. h4 h6
9. O-O-O Ne7 10. e5 d5 11. h5 g5 12. Nxg5 Nf5 13. Nf3 Bd7 14. g4 Ne7 15. g5 Ng8
16. Rhg1 Bf8 17. g6 Bg7 18. gxf7+ Kxf7 19. Bg3 Ne7 20. Bh4 Qf8 21. Rg3 Nf5 22.
Bxf5 exf5 23. Rdg1 Rg8 24. Bf6 Nc4 25. Qd3 Qb4 26. Rxg7+ Rxg7 27. Rxg7+ Kf8 28.
Rxd7 Qxb2+ 29. Kd1 Qa1+ 30. Ke2 Nb6 31. Rxb7 Nc4 32. Qxf5 Qxc3 33. Bg5+ 1-0

[Event "Prvenstvo SSFBiH 2015"]
[Site "Lukavac"]
[Date "2016.04.03"]
[Round "6.18"]
[White "Brcaninovic, Enes"]
[Black "Sabic, Muris"]
[Result "0-1"]
[WhiteElo "1671"]
[BlackElo "1983"]
[PlyCount "114"]
[EventDate "2016.03.31"]

1. e4 d5 2. exd5 Qxd5 3. Nc3 Qd6 4. Nf3 Bg4 5. Be2 a6 6. d4 Nc6 7. Be3 O-O-O 8.
O-O Bxf3 9. Bxf3 Nxd4 10. Bxd4 Qxd4 11. Qxd4 Rxd4 12. Rfd1 Rxd1+ 13. Rxd1 Nf6
14. Kf1 e6 15. a3 Be7 16. Ne4 Ne8 17. Rd3 c6 18. Ke2 f5 19. Ng3 g6 20. Ke1 e5
21. Be2 e4 22. Rd1 Bf6 23. c3 Kc7 24. Bc4 Nd6 25. Bb3 Re8 26. Ne2 Be5 27. h3 f4
28. Nd4 Bxd4 29. Rxd4 Re5 30. Bc2 c5 31. Rd2 Nc4 32. Re2 Nxb2 33. Rxe4 Rxe4+
34. Bxe4 Nc4 35. a4 Ne5 36. Ke2 h6 37. g3 g5 38. Bd5 b5 39. axb5 axb5 40. Bb3
Kb6 41. Be6 Ka5 42. gxf4 gxf4 43. Kd2 Ka4 44. Kc2 Ka3 45. Bd5 b4 46. cxb4 cxb4
47. Be6 h5 48. Bd5 h4 49. f3 Ka4 50. Kb2 Kb5 51. Kb3 Kc5 52. Be4 Nf7 53. Bf5
Ng5 54. Bg4 Kd4 55. Kxb4 Ke3 56. Kc3 Nxf3 57. Kc2 Kf2 0-1

[Event "Prvenstvo SSFBiH 2015"]
[Site "Lukavac"]
[Date "2016.04.03"]
[Round "6.19"]
[White "Harcin, Amer"]
[Black "Mikic, Ivana"]
[Result "1-0"]
[WhiteElo "1953"]
[BlackElo "1595"]
[PlyCount "119"]
[EventDate "2016.03.31"]

1. d4 Nf6 2. c4 g6 3. Nc3 Bg7 4. Nf3 O-O 5. e3 d6 6. Bd3 c5 7. O-O cxd4 8. exd4
e6 9. h3 d5 10. Bg5 Nc6 11. Qd2 b6 12. cxd5 exd5 13. Rac1 Bb7 14. Rfe1 Qd7 15.
Bb5 a6 16. Bxc6 Bxc6 17. Ne5 Qb7 18. Nxc6 Qxc6 19. Re5 Qb7 20. Bxf6 Bxf6 21.
Rxd5 Rad8 22. Qf4 Bg7 23. Rxd8 Rxd8 24. Rd1 Qe7 25. a3 b5 26. Qe3 Qd7 27. d5
Qc7 28. Qd2 Be5 29. Kh1 Qc5 30. Ne4 Qc4 31. Nc3 Qc5 32. Ne4 Qc4 33. Nc3 Qc5 34.
Qe3 Qc7 35. g3 Bd6 36. Kg2 Bc5 37. Qd3 Bd6 38. f4 Qd7 39. Ne4 Qe7 40. Qd4 h6
41. Nf6+ Kf8 42. Nh7+ Ke8 43. Nf6+ Kf8 44. Nh7+ Kg8 45. Nf6+ Kf8 46. Kf1 Bc5
47. Nd7+ Qxd7 48. Qh8+ Ke7 49. Re1+ Be3 50. Rxe3+ Kd6 51. Qf6+ Kxd5 52. Rd3+
Ke4 53. Rxd7 Rxd7 54. Qc6+ Rd5 55. Ke2 Kd4 56. Qxa6 Kc4 57. Qc6+ Kd4 58. Qc3+
Ke4 59. Qf3+ Kd4 60. Qe3+ 1-0

[Event "Prvenstvo SSFBiH 2015"]
[Site "Lukavac"]
[Date "2016.04.03"]
[Round "6.20"]
[White "Softic, Kasim"]
[Black "Hankic, Ramiz"]
[Result "1/2-1/2"]
[WhiteElo "1886"]
[BlackElo "1602"]
[PlyCount "45"]
[EventDate "2016.03.31"]

1. e4 Nc6 2. Nf3 d6 3. d4 Nf6 4. Nc3 a6 5. Be2 Bd7 6. h3 h6 7. Be3 b5 8. a3 Na7
9. Qd2 c6 10. O-O e6 11. Rfe1 Be7 12. Rad1 Qb8 13. Bd3 Nc8 14. Ne2 c5 15. dxc5
dxc5 16. Ng3 c4 17. Bf1 Bc6 18. Bf4 Qb7 19. e5 Nd5 20. Nd4 Nxf4 21. Qxf4 Bd5
22. Ne4 Qb6 23. c3 1/2-1/2